| 000 | 01118nam a2200325 a 4500 | ||
|---|---|---|---|
| 001 | 000022641 | ||
| 003 | DO-SdBNP | ||
| 005 | 20230502084429.0 | ||
| 007 | 000022641 | ||
| 008 | 101014s20uu dr a 000 j spa d | ||
| 020 | _z945426451 | ||
| 040 |
_aBPMSU _bspa _cBPMSU |
||
| 082 | 4 |
_aRD863.5 _bR282t _222 |
|
| 092 |
_axxxx _bxxxx |
||
| 100 | 1 |
_aRead Escobal, Virginia _d1963- |
|
| 245 | 1 | 0 |
_aTres moñitos no ; _bCarlitos James busca un cundeamor / _cVirginia Read Escobal |
| 246 | 1 | 3 | _aCarlitos James busca un cundeamor |
| 260 |
_aSanto Domingo : _bEdiciones SM, _c[200?]. |
||
| 300 |
_a63 p. ; _c19 cm. |
||
| 490 | 0 |
_aEl barco de vapor, _v2 |
|
| 500 | _aIncluye datos biográficos de la autora en la contracubierta | ||
| 505 | 0 |
_tTres moñitos no -- _tCarlitos James busca un cundeamor. |
|
| 563 | _aDos obras encuadernadas juantas con paginación continua | ||
| 590 | _6Inventariado, 2023/VM | ||
| 650 | 4 | _aCuentos infantiles dominicanos | |
| 650 | 4 | _aLiteratura infantil dominicana | |
| 740 | _aCarlitos James busca un cundeamor | ||
| 910 | _aVMateo V.Control de caldad (BPMSU) | ||
| 942 |
_2ddc _cBK |
||
| 999 |
_c7500 _d7500 |
||